Reminiscences: the memoirs of Sharadaben Mehta (Record no. 6265)

MARC details
000 -LEADER
fixed length control field 00427nam a2200169Ia 4500
020 ## - INTERNATIONAL STANDARD BOOK NUMBER
ISBN 9788189013653
082 ## - DEWEY DECIMAL CLASSIFICATION NUMBER
Classification number RR 923.254 REM-
100 ## - MAIN ENTRY--AUTHOR NAME
Personal name Mehta, Sharadaben
245 #0 - TITLE STATEMENT
Title Reminiscences: the memoirs of Sharadaben Mehta
260 ## - PUBLICATION, DISTRIBUTION, ETC. (IMPRINT)
Place of publication New Delhi
Name of publisher Zubaan
Year of publication 2008
300 ## - PHYSICAL DESCRIPTION
Number of Pages 325p
650 ## - SUBJECT ADDED ENTRY--TOPICAL TERM
Topical Term Mehta, Sharadaben
Form subdivision Biography
650 ## - SUBJECT ADDED ENTRY--TOPICAL TERM
Topical Term Memoirs
650 ## - SUBJECT ADDED ENTRY--TOPICAL TERM
Topical Term Reminisences
700 ## - ADDED ENTRY--PERSONAL NAME
Personal name Bhatt, Purnima Mehta
942 ## - ADDED ENTRY ELEMENTS (KOHA)
Koha item type Books
Holdings
Withdrawn status Lost status Damaged status Not for loan Home library Current library Date acquired Source of acquisition Bill Date Full call number Accession Number Price effective from Koha item type
        NASSDOC Library NASSDOC Library 14/11/2008 DP 2008-09-10 RR 923.254 REM- 44747 18/04/2019 Books